Normal view MARC view

Entry Meeting Name

Number of records used in: 1

001 - CONTROL NUMBER

  • control field: 14447

003 - CONTROL NUMBER IDENTIFIER

  • control field: OSt

005 - DATE AND TIME OF LATEST TRANSACTION

  • control field: 20211105133812.0

008 - FIXED-LENGTH DATA ELEMENTS

  • fixed length control field: 211105|| aca||aabn | a|a d

040 ## - CATALOGING SOURCE

  • Original cataloging agency: OSt
  • Transcribing agency: OSt

111 ## - HEADING--MEETING NAME

  • Meeting name or jurisdiction name as entry element: Nordic Astronomy Meeting
  • Number of part/section/meeting: 111th
  • Location of meeting: University of Helsinki, Helsinki
  • Date of meeting or treaty signing: 1984 Sep. 3-5

670 ## - SOURCE DATA FOUND

  • Source citation: Work cat.: (OSt): Nordic Astronomy Meeting 111th University of Helsinki, Helsinki 1984 Sep. 3-5, Nordic Astronomy, 1984

Powered by Koha